Disney princezny : okouzlující 3D efekty /

Další autoři: Vašíčková, Andrea
Jazyk: Čeština
Vydáno: V Praze : CooBoo, 2012
Vydání: 1. vyd.
Edice: Rozšířená realita
Témata:
Fyzický popis: [30] s. : vše barev. il. ; 24 x 27 cm + 1 CD + 4 spouštěcí karty
Knihy
Uloženo v:
LEADER 01449nam a2200433 a 4500
001 nkc20122389850
003 CZ PrNK
005 20130212151658.0
007 ta
008 120807s2012 xr a b 000 f cze
015 |a cnb002389850 
020 |a 978-80-7447-219-0  |q (váz.) 
035 |a (OCoLC)827259488 
040 |a BOA001  |b cze 
041 1 |a cze  |h eng 
072 7 |a 821-93  |x Literatura pro děti a mládež (beletrie)  |2 Konspekt  |9 26 
080 |a 821-34  |2 MRF 
080 |a 821-93  |2 MRF 
080 |a (0:82-34)  |2 MRF 
245 0 0 |a Disney princezny :  |b okouzlující 3D efekty /  |c [z anglického originálu ... přeložila Andrea Vašíčková] 
246 1 5 |a Disney princess 
250 |a 1. vyd. 
260 |a V Praze :  |b CooBoo,  |c 2012 
300 |a [30] s. :  |b vše barev. il. ;  |c 24 x 27 cm +  |e 1 CD + 4 spouštěcí karty 
490 1 |a Rozšířená realita 
500 |a Název z obálky 
655 7 |a pohádky  |7 fd133054  |2 czenas 
655 7 |a publikace pro děti  |7 fd133156  |2 czenas 
655 9 |a fairy tales  |2 eczenas 
655 9 |a children's literature  |2 eczenas 
700 1 |a Vašíčková, Andrea  |7 xx0124563  |4 trl 
765 0 |t Disney princess  |9 Česky 
830 0 |a Rozšířená realita  |0 s 
910 2 |a BOA001  |b 3-1296.461 
928 9 |a Albatros Media - CooBoo 
990 |a BK 
995 |a 01 
991 |b 201301  |e db 
996 6 |b 2610531301  |c 3-1296.461  |l MZK  |r Sklad / do 1 hodiny  |n 1  |p p.v.  |w 001306567  |u 000010  |a 1  |e BOA001  |j MZK50  |s P